书目信息 |
| 题名: |
体育科研概论
|
|
| 作者: | 周登嵩 编著 | |
| 分册: | ||
| 出版信息: | 北京 北京体育大学出版社 2003 |
|
| 页数: | 228页 | |
| 开本: | 20cm | |
| 丛书名: | ||
| 单 册: | ||
| 中图分类: | G811.6 | |
| 科图分类: | ||
| 主题词: | 体育工作--科研管理--教材 , 体育工作 , 科研管理 | |
| 电子资源: | ||
| ISBN: | 7-81003-925-3 | |
| 000 | 00761nam0 2200241 450 | |
| 001 | 0195029524 | |
| 005 | 20070725163056.71 | |
| 010 | @a7-81003-925-3@dCNY12.00 | |
| 100 | @a20030305d2003 em y0chiy0110 ea | |
| 101 | 0 | @achi |
| 102 | @aCN@b110000 | |
| 105 | @ak z 000yy | |
| 200 | 1 | @a体育科研概论@9ti yu ke yan gai lun@f周登嵩编著 |
| 210 | @a北京@c北京体育大学出版社@d2003 | |
| 215 | @a228页@d20cm | |
| 330 | @a本书共7章,包括体育科研的类型、特点与基本程序;科研选题;提出研究假设与制订研究计划;科学研究方法;科研论文的撰写与评价等内容。 | |
| 606 | 0 | @a体育工作@x科研管理@j教材 |
| 606 | 0 | @a体育工作 |
| 606 | 0 | @a科研管理 |
| 690 | @aG811.6@v4 | |
| 701 | 0 | @a周登嵩@9zhou deng song@4编著 |
| 801 | 0 | @aCN@bNLC@c20070725 |
| 905 | @a10447@dG811.6@e35 | |
| 体育科研概论/周登嵩编著.-北京:北京体育大学出版社,2003 |
| 228页;20cm |
| ISBN 7-81003-925-3:CNY12.00 |
| 本书共7章,包括体育科研的类型、特点与基本程序;科研选题;提出研究假设与制订研究计划;科学研究方法;科研论文的撰写与评价等内容。 |
| ● |
| 相关链接 |
|
|
|
|
正题名:体育科研概论
索取号:G811.6/35
 
预约/预借
| 序号 | 登录号 | 条形码 | 馆藏地/架位号 | 状态 | 备注 |
| 1 | 0383449 | 203834495 | 第一样本阅览室/ [索取号:G811.6/35] | 在馆 | |
| 2 | 0383450 | 203834501 | 第四借阅区/ [索取号:G811.6/35] | 在馆 | |
| 3 | 0383451 | 203834510 | 密集书库/ [索取号:G811.6/35] | 在馆 | |
| 4 | 0383452 | 203834529 | 第四借阅区/ [索取号:G811.6/35] | 在馆 | |
| 5 | 0383453 | 203834538 | 第四借阅区/ [索取号:G811.6/35] | 在馆 | |
| 6 | 0784440 | 207844403 | 密集书库/ [索取号:G811.6/35] | 在馆 | |
| 7 | 0784441 | 207844412 | 第四借阅区/ [索取号:G811.6/35] | 在馆 | |
| 8 | 0784442 | 207844421 | 密集书库/ [索取号:G811.6/35] | 在馆 | |
| 9 | 0784475 | 207844751 | 密集书库/ [索取号:G811.6/35] | 在馆 |